Statistics for Best Basketball players by DOB

Click here to take the quiz!

General Stats

  • This quiz has been taken 58 times
  • The average score is 25 of 47

Answer Stats

DOBAnswer% Correct
1984LeBron James
97%
1963Michael Jordan
97%
1988Stephen Curry
92%
1959Magic Johnson
89%
1938Jerry West
83%
1988Kevin Durant
83%
1978Kobe Bryant
81%
1956Larry Bird
81%
1988Russell Westbrook
78%
1972Shaquille O'Neal
75%
1976Tim Duncan
75%
1936Wilt Chamberlain
75%
1982Dwyane Wade
72%
1947Kareem Abdul-Jabbar
72%
1996D' Angelo Russell
69%
1963Hakeem Olajuwon
67%
1963Karl Malone
67%
1975Allen Iverson
64%
1955Moses Malone
64%
1965Scottie Pippen
64%
1963Charles Barkley
61%
1978Dirk Nowitzki
61%
1990Klay Thompson
61%
1950Julius Erving
58%
1992Kyrie Irving
58%
1976Kevin Garnett
56%
1979Vince Carter
56%
1962John Stockton
53%
1991Kawhi Leonard
53%
1985Dwight Howard
50%
1938Oscar Robertson
50%
1962Patrick Ewing
50%
1928Bob cousy
47%
1961Dennis Rodman
47%
1974Steve Nash
47%
1990Damian Lillard
39%
1990Paul George
36%
1947Pete Maravich
22%
1934Bill Russell
11%
1965Steve Kerr
11%
1995Zach Lavine
11%
1985Chris Paul
8%
1961Isiah Thomas
8%
1997Brandon Ingram
3%
1975Ray Allen
3%
1989Isaiah Thomas
0%
1979Ron Artest
0%

Score Distribution

Percentile by Number Answered

Percent of People with Each Score

Your Score History

You have not taken this quiz